Antiguas concesiones extranjeras en China - Estadísticas

Estadísticas generales
  • Esta prueba ha sido intentada 13 veces
  • La puntuación promedio es 10 de 44
Estadísticas de respuestas
País Período Concesión % Correcto
Reino Unido 1898-1997 Nuevos Territorios de Hong Kong
100%
1846-1863 Concesión Británica de Shanghái
58%
Estados Unidos 1848-1863 Concesión Estadounidense de Shanghái
58%
1849-1946 Concesión Francesa de Shanghái
58%
Internacional 1863-1945 Concesión Internacional de Shanghái
58%
1902-1943 Concesión Italiana de Shanghái
58%
1861-1945 Barrio de las Delegaciones de Pekín
50%
1895-1917 Concesión Alemana de Tianjin
42%
Austria-Hungría 1902-1917 Concesión Austrohúngara de Tianjin
42%
Bélgica 1902-1931 Concesión Belga de Tianjin
42%
1860-1945 Concesión Británica de Tianjin
42%
1860-1902 Concesión Estadounidense de Tianjin
42%
1861-1946 Concesión Francesa de Tianjin
42%
Italia 1901-1947 Concesión Italiana de Tianjin
42%
1898-1945 Concesión Japonesa de Tianjin
42%
1900-1924 Concesión Rusa de Tianjin
42%
1897-1937 Concesión Japonesa de Chongqing
25%
1858-1860 Concesión Británica de Dalian
17%
Rusia/URSS 1898-19051945-1950 Dalian Ruso
17%
1895-1917 Concesión Alemana de Hankou
8%
1852-1930 Concesión Británica de Amoy
8%
1861-1927 Concesión Británica de Hankou
8%
1896-1946 Concesión Francesa de Hankou
8%
1902-1943 Concesión Italiana de Amoy
8%
1897-1943 Concesión Japonesa de Hangzhou
8%
1898-1645 Concesión Japonesa de Hankou
8%
1897-1943 Concesión Japonesa de Suzhou
8%
1896-1924 Concesión Rusa de Hankou
8%
1898-1905 Concesión Rusa en la península de Liaodong
8%
1904-1940 Ferrocarril francés de Kunming
8%
1895-1905 Port Arthur
8%
Alemania 1898-1914 Bahía de Kiau Chau
0%
1914-1922 Bahia de Kiau Chau
0%
1861-1929 Concesión Británica de Jiujiang
0%
1861-1945 Concesión Británica de Shamian
0%
1861-1929 Concesión Británica de Zhenjiang
0%
1861-1946 Concesión Francesa de Shamian, Cantón
0%
1903-1945 Concesión Internacional de Kulangsu
0%
1898-1943 Concesión Japonesa de Shashi
0%
1896-1952 Ferrocarril Transmanchuriano
0%
1930-1940 Isla de Liugong
0%
Francia 1898-1946 Kwang-Chou-Wan
0%
Japón 1905-1945 Kwantung/Zona Ferroviaria del Sur de Manchuria
0%
1898-1930 Wihaiwei
0%
No se encontraron pruebas coincidentes
Distribución de puntuación
Porcentaje de gente con cada puntuación
Porcentaje por número respondido
Historial de tus puntuaciones
No has intentado esta prueba.